Piłkarze Bayernu Monachium - nagła śmierć - Statystyki

Ogólne statystyki
  • Ten quiz został rozwiązany 666 razy
  • Średni wynik to 14 z 18
Answers on the Grid
Answers color-coded by a green-red scale on the quiz's grid according to % correct below.
Robert Lewandowski
Jakub Błaszczykowski
Manuel Neuer
Marco Reus
Thomas Müller
Franck Ribéry
Carles Puyol
Mario Balotelli
Xabi Alonso
Erling Haaland
Arjen Robben
Javier Zanetti
Edwin van der Sar
Sadio Mané
Philippe Coutinho
Casemiro
Toni Kroos
Harry Kane
Michael Essien
Gerd Müller
Timo Werner
Jamal Musiala
İlkay Gündoğan
James Rodríguez
David Silva
Christian Pulisic
Joshua Kimmich
Achraf Hakimi
Mario Götze
Kai Havertz
Miroslav Radović
Pepe Reina
Víctor Valdés
Jérôme Boateng
Bastian Schweinsteiger
Shaun Wright-Phillips
 
Statystyki odpowiedzi
Odpowiedź % Poprawnych
Robert Lewandowski
98%
Manuel Neuer
95%
Thomas Müller
93%
Franck Ribéry
92%
Arjen Robben
89%
Gerd Müller
86%
Xabi Alonso
84%
Harry Kane
83%
Jamal Musiala
83%
Joshua Kimmich
79%
Toni Kroos
79%
Philippe Coutinho
77%
Sadio Mané
77%
Bastian Schweinsteiger
76%
Jérôme Boateng
76%
Mario Götze
73%
James Rodríguez
70%
Pepe Reina
38%
Nie znaleziono quizów pasujących do podanych kryteriów
Rozkład punktacji
Procent ludzi z każdym wynikiem
Percentyl według liczby udzielonych odpowiedzi
Twoja historia wyników
Nie rozwiązałeś tego quizu